Syndróm žaby. Nedostatok rodinného a priateľského zázemia zapríčiňuje zlyhanie.
Riziko zlyhania vedúceho pracovníka - manažéra, poklesu jeho výkonu, dôležitosť vnútornej psychickej situácie, upevňovaním vedomia "brehu" (rodina, vzťahy s priateľmi).
Gespeichert in:
| 1. Verfasser: | |
|---|---|
| Format: | Buchkapitel |
| Sprache: | Slowakisch |
| Schlagworte: | |
| Tags: |
Keine Tags, Fügen Sie das erste Tag hinzu!
|
MARC
| LEADER | 00000naa a2200000 4500 | ||
|---|---|---|---|
| 001 | r012477 | ||
| 005 | 20220826094321.2 | ||
| 041 | 0 | |a slo | |
| 044 | |a SK | ||
| 245 | 1 | 0 | |a Syndróm žaby. |b Nedostatok rodinného a priateľského zázemia zapríčiňuje zlyhanie. |c M. Lechnický |
| 520 | |a Riziko zlyhania vedúceho pracovníka - manažéra, poklesu jeho výkonu, dôležitosť vnútornej psychickej situácie, upevňovaním vedomia "brehu" (rodina, vzťahy s priateľmi). | ||
| 610 | 2 | 0 | |a psychológia |
| 610 | 2 | 0 | |a manažéri |
| 610 | 2 | 0 | |a pracovníci vedúci |
| 100 | 1 | |a Lechnický, Milan | |